| 000 | 00708nmm a22002657a 4500 | ||
|---|---|---|---|
| 005 | 20200205173834.0 | ||
| 008 | 190117b xxu||||| |||| 00| 0 spa d | ||
| 041 | _aspa | ||
| 082 | _aGT48 | ||
| 100 |
_aAlmanza Cordero, Dennison _957415 |
||
| 100 |
_aNuñez, Jerlyn _957416 |
||
| 100 |
_aContreras, Esteban _957417 |
||
| 100 |
_aGonzález, Andrés _957418 |
||
| 100 |
_aBrenes, Bryan _957419 |
||
| 245 | _aMacrosistema del Cantón Central de Cartago | ||
| 260 | _c2017 | ||
| 300 | _a98 páginas | ||
| 502 | _a | ||
| 650 |
_aCOSTA RICA _957420 |
||
| 650 |
_aTURISMO _9894 |
||
| 650 |
_aGEOGRAFÍA TURÍSTICA _96732 |
||
| 650 |
_aCANTÓN CENTRAL _957421 |
||
| 650 |
_aCARTAGO _91052 |
||
| 942 | _cGT | ||
| 999 |
_c12572 _d12572 |
||